| 000 | 00925nas a2200253 i 4500 | ||
|---|---|---|---|
| 003 | DO-SdBNP | ||
| 005 | 20260305100919.0 | ||
| 007 | ta | ||
| 008 | 251121e2024 dr |||p|r|||||10| 0 spa d | ||
| 040 |
_aDO-SdBNP _bspa _cBNPHU _erda |
||
| 041 | _aspa | ||
| 245 | _aPeriódico El Cometa. | ||
| 264 |
_aHigüey, Provincia La Altagracia, República Dominicana : _bEl Cometa News, _c1987-. |
||
| 300 |
_avolumen : _bilustraciones, fotografías ; _c32 cm. |
||
| 310 | _aMensual. | ||
| 336 |
_atexto _btxt _2rdacontent |
||
| 337 |
_asin mediación _bn _2rdamedia |
||
| 338 |
_avolumen _bnc _2rdacarrier |
||
| 362 | _aNo. 105, Año 11, abril 1987. | ||
| 500 | _aPeriódico El Cometa, se encuentra ubicado en Higüey, República Dominicana. | ||
| 500 | _aCatalogación basada en la publicación: No. 105, Año 11, abril 1987. | ||
| 650 | 0 |
_aDiarios _vPublicaciones periódicas _zRepública Dominicana _962788 |
|
| 942 |
_2ddc _cISSUE |
||
| 999 |
_c60061 _d60061 |
||